Habsburgs Countries Quiz - Statistics

General Stats
  • This quiz has been taken 57 times
  • The average score is 7 of 9
Answer Stats
Country % Correct
Austria
96%
Hungary
90%
Spain
88%
Germany
86%
Czechia
76%
Netherlands
76%
Portugal
66%
Belgium
64%
Mexico
44%
No matching quizzes found
Score Distribution
Percent of People with Each Score
Percentile by Number Answered
Your Score History
You have not taken this quiz